Understanding the Bible. (Record no. 3338)

000 -LEADER
fixed length control field 00708nam a2200205 a 4500
001 - CONTROL NUMBER
control field :::00001068$&:&@@
003 - CONTROL NUMBER IDENTIFIER
control field OkBaRHE
005 - DATE AND TIME OF LATEST TRANSACTION
control field 20000607103241.0
008 - FIXED-LENGTH DATA ELEMENTS--GENERAL INFORMATION
fixed length control field s1979 j 000 0 eng u
020 ## - INTERNATIONAL STANDARD BOOK NUMBER
International Standard Book Number 031041430X
040 ## - CATALOGING SOURCE
Transcribing agency
100 1# - MAIN ENTRY--PERSONAL NAME
Personal name Stott, John R. W.
245 10 - TITLE STATEMENT
Title Understanding the Bible.
Statement of responsibility, etc [Illustrated by Annie Valloton ; maps by Liz Leyland and Jenny Grayston].
250 ## - EDITION STATEMENT
Edition statement Zondervan ed.
260 ## - PUBLICATION, DISTRIBUTION, ETC. (IMPRINT)
Place of publication, distribution, etc Grand Rapids, MI., :
Name of publisher, distributor, etc Zondervan Publishing House
Date of publication, distribution, etc 1979
300 ## - PHYSICAL DESCRIPTION
Extent 253 p. : illus. ;
Dimensions 21 cm.
650 ## - SUBJECT ADDED ENTRY--TOPICAL TERM
Topical term or geographic name as entry element Bible
General subdivision Criticism, Interpretation, etc.
942 ## - ADDED ENTRY ELEMENTS (KOHA)
Source of classification or shelving scheme
Koha item type Books
Copies
Date last seen Date acquired Damaged status Withdrawn status Copy number Barcode Price effective from Lost status Permanent Location Koha item type Shelving location Full call number Source of classification or shelving scheme Not for loan
2010-04-142010-04-14  110682010-04-14 RHEMA Bible Training CollegeBooksGeneral StacksBS 511.2 .S86